000 00622nam a2200241Ia 4500
003 OSt
005 20220926042640.0
006 a|||||r|||| 00| 0
007 ta
008 220923b |||||||| |||| 00| 0 eng d
037 _cGeneral Book
040 _aRTL
_cRTL
_beng
041 _2eng
_aeng
082 _aT9(X:94), K2
100 _aFlorio A E
_9346582
245 0 _aSafety education
250 _a2
260 _c1962
650 _aSpecific Group - Education
_9233065
700 _a Stafford G T
_9346583
942 _hT9(X:94), K2
_cGB
_2CC
999 _c670291
_d670291